000 00270nam a2200109Ia 4500
008 220204s9999 xx 000 0 und d
082 _a331.1(540)
_bSHA
100 _aSHARMA, Balder Raj
245 0 _aIndian industrial worker
260 _aDelhi
_bVikas
_c1974
942 _cBK
999 _c22908
_d22908